Ja výrok ako nástroj riešenia konfliktov

„Ja výrok“ predstavuje dôležitú komunikačnú zručnosť vedúcich predmetových komisií a metodických združení, ktorá umožňuje jednotlivcom vyjadrovať svoje pocity, potreby a názory bez toho, aby zraňovali druhých. Tento prístup sa osvedčil ako účinný nástroj pri riešení konfliktov a budovaní zdravých vz...

Ausführliche Beschreibung

Gespeichert in:
Bibliographische Detailangaben
1. Verfasser: Šafránek, Michal
Format: Buchkapitel
Sprache:Slowakisch
Schlagworte:
Tags: Tag hinzufügen
Keine Tags, Fügen Sie das erste Tag hinzu!

MARC

LEADER 00000naa a2200000 4500
001 0308128
005 20250414115643.7
041 0 |a slo 
044 |a SK 
245 1 0 |a Ja výrok ako nástroj riešenia konfliktov  |c Michal Šafránek 
520 |a „Ja výrok“ predstavuje dôležitú komunikačnú zručnosť vedúcich predmetových komisií a metodických združení, ktorá umožňuje jednotlivcom vyjadrovať svoje pocity, potreby a názory bez toho, aby zraňovali druhých. Tento prístup sa osvedčil ako účinný nástroj pri riešení konfliktov a budovaní zdravých vzťahov. Na rozdiel od „Ty výrokov“, ktoré často vyvolávajú obranné reakcie a eskaláciu konfliktov, „Ja výroky“ umožňujú sústrediť sa na vlastné skúsenosti a reakcie. 
610 2 0 |a zručnosti 
610 2 0 |a komunikácia 
610 2 0 |a konflikty 
610 2 0 |a emócie 
610 2 0 |a stresy 
100 1 |a Šafránek, Michal